Southville International School and Colleges
Your cart is empty.
  • Cart
  • Lists
    Public lists Eva Luna New books Lux_list list_1
    Your lists Log in to create your own lists
  • Log in to your account
  • Your cookies
  • Search history
Southville International School and Colleges
  • Advanced search
  • Recent comments
  • Most popular
  • Libraries

Log in to your account

Log in with GOOGLE


If you do not have an external account, but do have a local account, you can still log in:

  1. Home
  2. MARC view: Wonderful worms /
Normal view MARC view ISBD view

Wonderful worms / (Record no. 34486)

[ view plain ]
MARC details
000 -LEADER
fixed length control field 01082pam a2200301 a 4500
001 - CONTROL NUMBER
control field 4853135
003 - CONTROL NUMBER IDENTIFIER
control field OSt
005 - DATE AND TIME OF LATEST TRANSACTION
control field 20140310184443.0
008 - FIXED-LENGTH DATA ELEMENTS--GENERAL INFORMATION
fixed length control field 911007s1992 ctua j 000 0 eng
010 ## - LIBRARY OF CONGRESS CONTROL NUMBER
LC control number 91038752
020 ## - INTERNATIONAL STANDARD BOOK NUMBER
International Standard Book Number 0439250765
040 ## - CATALOGING SOURCE
Original cataloging agency DLC
Transcribing agency DLC
Modifying agency DLC
042 ## - AUTHENTICATION CODE
Authentication code lcac
050 00 - LIBRARY OF CONGRESS CALL NUMBER
Classification number QL 391.A6
Item number .G53 2001
100 1# - MAIN ENTRY--PERSONAL NAME
Personal name Glaser, Linda.
9 (RLIN) 27617
245 10 - TITLE STATEMENT
Title Wonderful worms /
Statement of responsibility, etc Linda Glaser ; pictures by Loretta Krupinski.
260 ## - PUBLICATION, DISTRIBUTION, ETC. (IMPRINT)
Place of publication, distribution, etc Brookfield, Conn. :
Name of publisher, distributor, etc Millbrook Press,
Date of publication, distribution, etc 2001.
300 ## - PHYSICAL DESCRIPTION
Other physical details col. ill. ;
Dimensions 23 cm.
521 ## - TARGET AUDIENCE NOTE
Target audience note
526 ## - STUDY PROGRAM INFORMATION NOTE
Reading level 390
650 #0 - SUBJECT ADDED ENTRY--TOPICAL TERM
Topical term or geographic name as entry element Earthworms
General subdivision Juvenile literature.
9 (RLIN) 27618
650 #1 - SUBJECT ADDED ENTRY--TOPICAL TERM
Topical term or geographic name as entry element Earthworms.
9 (RLIN) 27619
700 1# - ADDED ENTRY--PERSONAL NAME
Personal name Krupinski, Loretta,
Relator term ill.
9 (RLIN) 27620
906 ## - LOCAL DATA ELEMENT F, LDF (RLIN)
a 7
b cbc
c orignew
d 1
e ocip
f 19
g y-gencatlg
942 ## - ADDED ENTRY ELEMENTS (KOHA)
Source of classification or shelving scheme Library of Congress Classification
Koha item type
Holdings
Withdrawn status Lost status Source of classification or shelving scheme Damaged status Home library Current library Shelving location Date acquired Total Checkouts Full call number Barcode Date last seen Copy number Price effective from Koha item type
    Library of Congress Classification   Luxembourg Library Luxembourg Library Scholastic Reading Center Section 10/10/2013   QL 391.A6 .G53 2001 LEX2852 04/18/2017 1 10/10/2013 Books

Wonderful worms /

APA

Glaser L., Krupinski L., . (2001). Wonderful worms. Brookfield, Conn: Millbrook Press.

Chicago

Glaser Linda, Krupinski Loretta, . 2001. Wonderful worms. Brookfield, Conn: Millbrook Press.

Harvard

Glaser L., Krupinski L., . (2001). Wonderful worms. Brookfield, Conn: Millbrook Press.

MLA

Glaser Linda, Krupinski Loretta, . Wonderful worms. Brookfield, Conn: Millbrook Press. 2001.

  • Place hold
  • Print
  • Cite
  • Add to your cart (remove)
  • Save record
    BIBTEX Dublin Core MARCXML MARC (non-Unicode/MARC-8) MARC (Unicode/UTF-8) MARC (Unicode/UTF-8, Standard) MODS (XML) RIS
  • More searches
    Search for this title in:
    Other Libraries (WorldCat) Other Databases (Google Scholar) Online Stores (Bookfinder.com) Open Library (openlibrary.org)

Exporting to Dublin Core...

SOUTHVILLE LIBRARY

Southville International School and Colleges Library

1281 Tropical Ave. Cor. Luxembourg St., BF Homes International, Las Pinas City

Tel. No. 8256374 / 252358 Loc. 117/146

Powered by Koha